Deportivo Alavés Squad 2019-2020 - Statistics

General Stats
  • This quiz has been taken 12 times
  • The average score is 13 of 33
Answer Stats
# Position Nation Player % Correct
19 MF Spain Manu García
86%
4 DF Brazil Rodrigo Ely
86%
13 GK Spain Antonio Sivera
71%
1 GK Spain Fernando Pacheco
71%
22 MF Ghana Mubarak Wakaso
71%
8 MF Spain Tomás Pina
71%
16 MF Colombia Daniel Torres
57%
10 FW Sweden John Guidetti
57%
9 FW Spain Joselu
57%
21 DF Spain Martín Aguirregabiria
57%
24 FW Scotland Oliver Burke
57%
3 DF Spain Rubén Duarte
57%
5 DF Spain Víctor Laguardia
57%
15 MF Serbia Ljubomir Fejsa
43%
7 FW Spain Lucas Pérez
43%
11 FW Spain Luis Rioja
43%
20 MF Spain Pere Pons
43%
14 FW Spain Burgui
29%
16 FW Spain Edgar Méndez
29%
6 DF Argentina Lisandro Magallán
29%
13 GK Spain Roberto Jiménez
29%
17 DF Spain Adrián Marín
14%
18 DF Spain Aleix Vidal
14%
- Coach Spain Asier Garitano
14%
29 FW Spain Borja Sainz
14%
15 MF Spain Javi Muñoz
14%
25 MF Cameroon Jeando Fuchs
14%
- Coach Spain Juan Muñiz
14%
12 DF Spain Rafa Navarro
14%
10 MF Spain Víctor Camarasa
14%
23 DF Spain Ximo Navarro
14%
35 MF Spain Ismael Gutiérrez
0%
27 DF Spain Tachi
0%
No matching quizzes found
Score Distribution
Percent of People with Each Score
Percentile by Number Answered
Your Score History
You have not taken this quiz